वैदिक धर्म और संकृति सभ्यता / (Record no. 53393)

MARC details
000 -LEADER
fixed length control field 00561nam a2200181Ia 4500
005 - DATE AND TIME OF LATEST TRANSACTION
control field 20260429112313.0
008 - FIXED-LENGTH DATA ELEMENTS--GENERAL INFORMATION
fixed length control field 260429s9999||||xx |||||||||||||| ||und||
020 ## - INTERNATIONAL STANDARD BOOK NUMBER
International Standard Book Number 9789362784681
041 ## - LANGUAGE CODE
Language Hindi
082 ## - DEWEY DECIMAL CLASSIFICATION NUMBER
Classification number 294.5921
Item number DEV
100 ## - MAIN ENTRY--PERSONAL NAME
Personal name देवी, शेली
245 #0 - TITLE STATEMENT
Title वैदिक धर्म और संकृति सभ्यता /
Statement of responsibility, etc शेली देवी
250 ## - EDITION STATEMENT
Edition statement c
260 ## - PUBLICATION, DISTRIBUTION, ETC. (IMPRINT)
Place of publication, distribution, etc दिल्ली :
Name of publisher, distributor, etc पेरीडोट,
Date of publication, distribution, etc 2025.
300 ## - PHYSICAL DESCRIPTION
Extent 239 p.; Hb
650 ## - SUBJECT ADDED ENTRY--TOPICAL TERM
Topical term or geographic name as entry element वैदिक धर्म
942 ## - ADDED ENTRY ELEMENTS (KOHA)
Koha item type Text Books
Holdings
Withdrawn status Lost status Damaged status Not for loan Collection code Home library Location Shelving location Date of Cataloging Source of acquisition Total Checkouts Full call number Barcode Date last seen Price effective from Koha item type
        Non-fiction CUTN Central Library CUTN Central Library Religion 29/04/2026 Technical Bureau, New Delhi - Invoice No. TB3351 on 09-02-2026   294.5921 DEV 57807 29/04/2026 29/04/2026 Text Books
        Non-fiction CUTN Central Library CUTN Central Library Religion 29/04/2026 Technical Bureau, New Delhi - Invoice No. TB3351 on 09-02-2026   294.5921 DEV 57808 29/04/2026 29/04/2026 Text Books
        Non-fiction CUTN Central Library CUTN Central Library Religion 29/04/2026 Technical Bureau, New Delhi - Invoice No. TB3351 on 09-02-2026   294.5921 DEV 57809 29/04/2026 29/04/2026 Text Books
        Non-fiction CUTN Central Library CUTN Central Library Religion 29/04/2026 Technical Bureau, New Delhi - Invoice No. TB3351 on 09-02-2026   294.5921 DEV 57810 29/04/2026 29/04/2026 Text Books
        Non-fiction CUTN Central Library CUTN Central Library Religion 29/04/2026 Technical Bureau, New Delhi - Invoice No. TB3351 on 09-02-2026   294.5921 DEV 57811 29/04/2026 29/04/2026 Text Books